000 nam a22 a 4500
999 _c800
_d800
005 20170505121556.0
008 170505b1987 my ||||| |||| 00| 0 ara d
020 _a9789830423319
040 _aAKMAL
082 _222
_a297.124 MUS
090 _a297.124
_bMUS
100 _aHaji Muhamad Noor bin Datuk Haji Ibrahim
_91746
245 _aMukaddimah mastika hadis rasulullah s.a.w /
_cSohib al-fadhilah Datuk Haji Muhamad Noor bin Haji Ibrahim
260 _aPutrajaya
_bJAKIM
_c2007
300 _a454 ms.
_c23cm
546 _aTeks dalam skrip Jawi
599 _aDALAM PROSES
650 _aHadith
_vTexts
_91747
942 _2ddc
_cBOOK